000 00807nam a2200253Ia 4500
003 GCL
008 140319s9999 xx 000 0 ara d
040 _aGCL /
_cGCL
082 0 4 _aد
_b050
_bدهـ
245 1 0 _aالهلال ديسمبر 1984 : ثورة المعلومات و العالم الثالث
260 _aالقاهرة :
_bدار الهلال للطباعة والنشر ،
_c1984
650 0 4 _aالشعر العربى
650 0 4 _aالسيرة النبوية
650 0 4 _aالحديث
650 0 4 _aالشعر
650 0 4 _aالتكنولوجيا
650 0 4 _aالقصة القصيرة
650 0 4 _aالثقافة العربية
650 0 4 _aالسينما
650 0 4 _aالاباء
650 0 4 _aالاوبرا
650 0 4 _aثورة المعلومات
942 _2ddc
_cCR
999 _c6762
_d6762